Ross & wilson Anatomy and Physiology in Health and Illness (Record no. 1469)

MARC details
000 -LEADER
Fixed length control field 00633nam a2200217Ia 4500
003 - CONTROL NUMBER IDENTIFIER
Control field IIN
005 - DATE AND TIME OF LATEST TRANSACTION
Control field 20240202123942.0
008 - FIXED-LENGTH DATA ELEMENTS--GENERAL INFORMATION
Fixed length control field 231217s9999 xx 000 0 und d
020 ## - INTERNATIONAL STANDARD BOOK NUMBER / ISBN
Price Rs.1650.00
International Standard Book Number 9780323834605
040 ## - CATALOGING SOURCE
Original cataloging agency IIN
Language of cataloging English
082 ## - DEWEY DECIMAL CLASSIFICATION NUMBER
Classification number 612
Book Number WAU
100 1# - MAIN ENTRY--PERSONAL NAME
Personal name Waugh, Anne
245 1# - TITLE STATEMENT
Title Ross & wilson Anatomy and Physiology in Health and Illness
Statement of responsibility Anne Waugh and Allison Grant
250 ## - EDITION STATEMENT
Edition statement 14tn ed(Ie)
260 ## - IMPRINT
Name of publisher Elsevier
Place of publication Edinburgh
Date of publication 2023
300 ## - PHYSICAL DESCRIPTION
Page / Vol. No xi, 586p.
650 1# - SUBJECT ADDED ENTRY--TOPICAL TERM
Topical term Anatomy
Form subdivision in Health and Illness
650 1# - SUBJECT ADDED ENTRY--TOPICAL TERM
Topical term Physiology
Form subdivision in Health and Illness
700 1# - ADDED ENTRY--PERSONAL NAME
Personal name Grant, Allison
942 ## - ADDED ENTRY ELEMENTS (KOHA)
Koha item type Books
Holdings
Withdrawn status Lost status Damaged status Not for loan Collection code Home library Current library Date acquired Price Total Checkouts Call number Accession number Date last seen Price effective from Koha item type Source of classification Shelving location
          IDEAL INSTITUTE OF NURSING IDEAL INSTITUTE OF NURSING 17/12/2023 1650.00   612 WAU 1463 17/12/2023 17/12/2023 Books    
          IDEAL INSTITUTE OF NURSING IDEAL INSTITUTE OF NURSING 17/12/2023 1650.00   612 WAU 1464 17/12/2023 17/12/2023 Books    
          IDEAL INSTITUTE OF NURSING IDEAL INSTITUTE OF NURSING 17/12/2023 1650.00   612 WAU 1465 17/12/2023 17/12/2023 Books    
        Purches Book IDEAL INSTITUTE OF NURSING IDEAL INSTITUTE OF NURSING 11/03/2025 1795.00   612 WAU 1814 25/03/2025 25/03/2025 Books Dewey Decimal Classification General Stacks
© Ideal Institute Of Nursing, All rights reserved.         Powered by Koha